| 000 | 00769nam a2200217 i 4500 | ||
|---|---|---|---|
| 001 | 150484 | ||
| 003 | ES-MaACL | ||
| 005 | 20250729081834.0 | ||
| 007 | t| | ||
| 008 | 071030s1928 sp ||||1| spa d | ||
| 100 | 1 |
_aValera, Fernando, _d1899-1982 _9112637 |
|
| 245 | 1 | 0 |
_aEvolucionismo, reencarnación : _bresumen de las conferencias pronunciadas en el teatro de "El Siglo" de Carlet, y en la "Juventud Republicana" de Valencia / _cpor Fernando Valera. |
| 260 |
_aBarcelona : _bR. Maynade, _c1928. |
||
| 300 |
_a27 p. ; _c17 cm. |
||
| 490 | 1 | _aBiblioteca orientalista | |
| 650 | 7 |
_aEvolucionismo _2embne _912629 |
|
| 650 | 4 |
_aReencarnación. _9153435 |
|
| 830 | 1 |
_aBiblioteca orientalista _9221148 |
|
| 852 |
_aES-MaACL _j1790-F-5 |
||
| 999 |
_c150484 _d150484 |
||